Strategie ekonomického růstu

Na minha lista:
Detalhes bibliográficos
Autor principal: Goldmann, Josef
Formato: Livro
Idioma:tcheco
Publicado em: Praha Academia 1985
Tags: Adicionar Tag
Sem tags, seja o primeiro a adicionar uma tag!

MARC

LEADER 00000nam a2200000 4500
001 c109284
005 20041019155143.7
041 0 |a cze 
044 |a CZ 
245 1 0 |a Strategie ekonomického růstu  |c Josef Goldmann 
264 1 |a Praha  |b Academia  |c 1985 
300 |a 244 s. 
100 1 |a Goldmann, Josef